000 00244nam a2200097Ia 4500
001 639785
005 20250826153434.0
008 250824s9999 xx 000 0 und d
245 0 _aAndersen den Masallar ALTIN
_cHans C. Andersen
260 _bALTIN
999 _c639785
_d639785